Network Analysis and Synthesis (Record no. 20619)

MARC details
000 -LEADER
fixed length control field 00318nam a22001217a 4500
008 - FIXED-LENGTH DATA ELEMENTS--GENERAL INFORMATION
fixed length control field 240430b |||||||| |||| 00| 0 eng d
020 ## - INTERNATIONAL STANDARD BOOK NUMBER
ISBN 978-81-894-11-13-8
100 ## - MAIN ENTRY--AUTHOR NAME
Personal name R. M. Jalnekar & J.S. Chitode
245 ## - TITLE STATEMENT
Title Network Analysis and Synthesis
260 ## - PUBLICATION, DISTRIBUTION, ETC. (IMPRINT)
Place of publication Pune
Name of publisher Technical
Year of publication 2009
300 ## - PHYSICAL DESCRIPTION
Number of Pages 853
942 ## - ADDED ENTRY ELEMENTS (KOHA)
Source of classification or shelving scheme Dewey Decimal Classification
Koha item type Books
Holdings
Accession Number Source of acquisition Price effective from Koha item type Withdrawn / writtenoff status Damaged status Not for loan Permanent Location Current Location Shelving location Date acquired Lost/ Missing status department
BB 1389 Donated by Mr. Shourya Magotra 04/30/2024 Books       MIET Library, Jammu MIET Library, Jammu 182/2 04/29/2024   BB